Antropología e identidades en Centroamérica. Parte 3: De localidades, pueblos y naciones /

Saved in:
Bibliographic Details
Main Author: Murillo Chaverri, Carmen
Corporate Author: UCR. Facultad de Ciencias Sociales. Escuela de Antropología y Sociología. Departamento de Antropología. Laboratorio de Etnología
Other Authors: ed.
Format: Text
Published: San José: UCR
Tags: Add Tag
No Tags, Be the first to tag this record!

MARC

LEADER 00000 a a2200000 04500
001 25870
003
040
090 |a 173514  
100 |a Murillo Chaverri, Carmen  
110 |a UCR. Facultad de Ciencias Sociales. Escuela de Antropología y Sociología. Departamento de Antropología. Laboratorio de Etnología  
245 |a Antropología e identidades en Centroamérica. Parte 3: De localidades, pueblos y naciones /  |c Carmen Murillo Chaverri 
260 |a San José:   |b UCR  
300 |a 280 p  
700 |a ed.  
999 |c 3724  |d 3724